A Gurmeet's Journey: (Record no. 191313)

MARC details
000 -LEADER
fixed length control field 00679nam a2200205 4500
005 - DATE AND TIME OF LATEST TRANSACTION
control field 20220824124159.0
010 ## - LCCN (DPL NO)
LC control number ENG-134593
020 ## - INTERNATIONAL STANDARD BOOK NUMBER
Terms of availability 350.00
International Standard Book Number 9789385606120
035 ## - SYSTEM CONTROL NUMBER
System control number EN-118125
037 ## - SOURCE OF ACQUISITION
Source of stock number/acquisition DBAD/PUB
082 ## - DEWEY DECIMAL CLASSIFICATION NUMBER
Classification number 641.36
100 ## - MAIN ENTRY--PERSONAL NAME
Personal name Dhamija, Jasleen
245 ## - TITLE STATEMENT
Title A Gurmeet's Journey:
Remainder of title Discovering the exotic & erotic in food/
Statement of responsibility, etc Jasleen Dhamija, ill. by Ayeshe Sadr and Ishaan Dasgupta
260 ## - PUBLICATION, DISTRIBUTION, ETC. (IMPRINT)
Place of publication, distribution, etc New Delhi
Name of publisher, distributor, etc Women Unlimited
Date of publication, distribution, etc 2018
270 ## - ADDRESS
Address 7/10, first floor, sarvapriya vihar
City New Delhi
Postal code 110016
300 ## - PHYSICAL DESCRIPTION
Extent viii, 174p.
Other physical details Index
Dimensions 22cm(pbk)
700 ## - ADDED ENTRY--PERSONAL NAME
Personal name Sadr Ayeshe
700 ## - ADDED ENTRY--PERSONAL NAME
Personal name Dasgupta Ishaan
942 ## - ADDED ENTRY ELEMENTS (KOHA)
Source of classification or shelving scheme Dewey Decimal Classification
Item type English Books
Classification part 641.36
Call number suffix DHA
Holdings
Withdrawn status Lost status Not for loan Collection code Home library Current library Date acquired Source of acquisition Cost, normal purchase price Full call number Barcode Copy number Cost, replacement price Koha item type
      Non-fiction Ashok Vihar Ashok Vihar 24/08/2022 DBAD/PUB 350.00 641.36 DHA EN-118125 1 350.00 English Books

© Delhi Public Library
Hit Counter
free hit counter